| 000 | 00742cam a22002291 4500 | ||
|---|---|---|---|
| 001 | sa 67003577 | ||
| 003 | DLC | ||
| 005 | 20260227112339.0 | ||
| 008 | 860918s1963 ii f000 0 eng | ||
| 010 | _asa 67003577 | ||
| 025 | _aPL480: I-E5819 | ||
| 035 | _a(OCoLC)14233898 | ||
| 040 |
_aDLC _cWaU _dWaU _dOCoLC _dDLC |
||
| 042 | _apremarc | ||
| 043 | _aa-ii--- | ||
| 050 | 0 | 0 |
_aHJ9769.I52 _bA7 |
| 110 | 1 |
_aAndhra Pradesh (India). _bFinance Department. |
|
| 245 | 1 | 0 | _aAccounts manual for government commercial undertakings. |
| 260 |
_aHyderabad, _bPrinted by the Director of Print, at the Govt. Secretariat Press, _c1963. |
||
| 300 |
_av, 86 p. _c25 cm. |
||
| 650 | 0 |
_aGovernment business enterprises _zIndia _zAndhra Pradesh _xAccounting. |
|
| 999 |
_c73906 _d73906 |
||